000
00325cam a2200133ua 4500
041
_a
mal
_h
082
_a
894.8121
_b
RAJ/KR
100
_a
Raja Raja Varma, Vadakkumkoor .
245
_a
Krishnagatha /
_c
Vadakkumkoor Raja Raja Varma.
_h
Textual Documents
300
_a
37 ; .
504
_a
942
_c
BK
999
_c
7230
_d
7230